[Event "Leer op"]
[Site "Leer"]
[Date "2024.11.03"]
[Round "7"]
[White "Schier, Richard"]
[Black "Bauer, Timon"]
[Result "1/2-1/2"]
[WhiteElo "1881"]
[BlackElo "1938"]
[PlyCount "28"]
[EventDate "2024.10.31"]
[EventType "swiss"]
[EventRounds "7"]
[EventCountry "GER"]
[SourceTitle "CB45_2024"]
[Source "ChessBase"]
[SourceDate "2024.11.06"]
[SourceVersion "1"]
[SourceVersionDate "2024.11.06"]
[SourceQuality "1"]

1. e4 d5 2. exd5 Qxd5 3. Nc3 Qd8 4. d4 Nf6 5. Nf3 Bg4 6. h3 Bxf3 7. Qxf3 c6 8. Be3 e6 9. Bd3 Nbd7 10. 0-0 Bd6 11. Rfe1 0-0 12. Ne2 Re8 13. Rad1 Qa5 14. Bc4 Nd5 1/2-1/2

[Event "Leer op"]
[Site "Leer"]
[Date "2024.10.31"]
[Round "1"]
[White "Aden, Dagmar"]
[Black "Schier, Richard"]
[Result "1/2-1/2"]
[WhiteElo "1865"]
[BlackElo "1881"]
[PlyCount "106"]
[EventDate "2024.10.31"]
[EventType "swiss"]
[EventRounds "7"]
[EventCountry "GER"]
[SourceTitle "CB45_2024"]
[Source "ChessBase"]
[SourceDate "2024.11.06"]
[SourceVersion "1"]
[SourceVersionDate "2024.11.06"]
[SourceQuality "1"]

1. e4 e5 2. Bc4 Nf6 3. d4 exd4 4. Nf3 Nc6 5. 0-0 Bc5 6. Bg5 h6 7. Bxf6 Qxf6 8. e5 Qe7 9. Nbd2 0-0 10. Re1 a6 11. a3 b5 12. Bd5 Bb6 13. Nb3 Rb8 14. Be4 Kh8 15. Nbxd4 Nxe5 16. Nf5 Nxf3+ 17. Qxf3 Qf6 18. c3 d5 19. Bc2 Bb7 20. Qd3 g6 21. Ne3 h5 22. Rad1 Rbd8 23. Qe2 d4 24. cxd4 Bxd4 25. b3 Rfe8 26. Qf1 c5 27. a4 Bc6 28. axb5 axb5 29. Bd3 Rb8 30. Nc2 Be5 31. Re3 b4 32. Bc4 Bf4 33. Rxe8+ Rxe8 34. Bb5 Kg7 35. Bxc6 Qxc6 36. Qc4 Re4 37. Qd3 c4 38. bxc4 Rxc4 39. Ne3 Bxe3 40. Qxe3 Qc5 41. Qxc5 Rxc5 42. Kf1 Kf6 43. Rd6+ Ke5 44. Rb6 Rc4 45. Ke2 Rc2+ 46. Ke3 Rb2 47. g3 Rb3+ 48. Kd2 Kd4 49. Rf6 Rb2+ 50. Kc1 Re2 51. Rxf7 Kc3 52. Rf3+ Kc4 53. Kb1 Re1+ 1/2-1/2

[Event "Leer op"]
[Site "Leer"]
[Date "2024.10.31"]
[Round "2"]
[White "Schier, Richard"]
[Black "Graf, David1"]
[Result "0-1"]
[WhiteElo "1881"]
[BlackElo "1836"]
[PlyCount "50"]
[EventDate "2024.10.31"]
[EventType "swiss"]
[EventRounds "7"]
[EventCountry "GER"]
[SourceTitle "CB45_2024"]
[Source "ChessBase"]
[SourceDate "2024.11.06"]
[SourceVersion "1"]
[SourceVersionDate "2024.11.06"]
[SourceQuality "1"]

1. Nf3 Nf6 2. c4 e6 3. Nc3 Bb4 4. Qc2 Bxc3 5. Qxc3 c5 6. e3 0-0 7. b3 Nc6 8. Bb2 b6 9. Be2 Bb7 10. g4 d5 11. Rg1 e5 12. cxd5 Nxd5 13. Qc2 Ndb4 14. Qb1 Re8 15. a3 Nd5 16. h4 e4 17. Ng5 Qe7 18. Bf3 Nf6 19. Bxf6 Qxf6 20. Bxe4 h6 21. Bh7+ Kh8 22. Ne4 Qe7 23. h5 Ne5 24. Ke2 Ba6+ 25. Kd1 Bd3 0-1